特急「スーパーはくと」の停車駅 - Statistics

General Stats
  • This quiz has been taken 153 times
  • The average score is 15 of 16
Answer Stats
停車駅 % Correct
京都
100%
大阪
100%
姫路
100%
新大阪
99%
神戸
99%
三ノ宮
98%
明石
98%
鳥取
98%
西明石
96%
加古川
94%
上郡
92%
倉吉
92%
智頭
90%
佐用
87%
郡家
76%
大原
70%
No matching quizzes found
Score Distribution
Percent of People with Each Score
Percentile by Number Answered
Your Score History
You have not taken this quiz